000 00635nam a2200253 a 4500
001 nice12345678
003 IN_TiNIC
005 20260116013422.0
008 050524s1990 deoa grp 000 0 eng
020 _a
_c40
082 0 0 _a340.59
_bQAS
100 _aQasmi, Abdul Jaleel
245 _aIslam Kamukammil Nizam-E-Talaq
260 _aDeoband
_bDarul Moallifeen
_c1990
500 _aincludes index and biblioraphy
505 2 _aIndexes
650 _aIslamic Law-Taxation
650 _aDivorce-Islamic Law
650 _aIslamic-Law
700 1 _aQasmi, Abdul Jaleel
902 _bSRS
942 _cBK
999 _c10902
_d10902